000 00664cam a22002172 4500
001 0000000796
005 20151217151757.0
008 070220s xx 000 0 eng d
020 _a0340556714 :
_cKES 1,599
040 _aKABU
_cKABU
050 0 _aBX5199
_b.P22M33
100 1 _aMcGrath, Alister.
_@0000149161
245 1 0 _aTo know and serve God :
_ba life of James I. Packer.
260 _aLondon :
_bHodder & Stoughton,
_c1977.
300 _axi, 340 p.
600 1 0 _aPacker, I. J
_xBiography.
_@0000149162
600 1 0 _aAnglicans
_xBiography
_zEngland.
_@0000149163
908 _a070220
950 _@1
999 _c4918
_d4918